000 00492nam a2200181 a 4500
003 OSt
005 20140311163023.0
008 070925s19uu xx 00 eng d
020 _a1412919010
050 _aHF 5549
_b.St898 2005
245 _aStrategic Human Resource Management :
_btheory and practice /
250 _a2nd ed.
260 _aLondon :
_bSage Publications,
_c2005.
300 _a350 p. :
_c25 cm.
650 _aPersonnel management.
_9685
942 _cBK
_2lcc
999 _c39499
_d39499